000 00604nam a2200229Ia 4500
003 OSt
005 20221007074156.0
006 a|||||r|||| 00| 0
007 ta
008 221006b |||||||| |||| 00| 0 eng d
024 _a28,925
037 _cTextual
040 _aFLL
_cFLL
_beng
041 _2eng
_aeng
082 _aZQ2vC0, F5
100 _aAiyar R.A. Narayana
_9692649
245 0 _aHistory of hindu law
260 _aMadura
_bR.A.Narayana Aiyer India
_c1925
300 _a106p
_ccm.
942 _hZQ2vC0, F5
_cTEXL
_2CC
999 _c1151437
_d1151437